[Event "12. Sueder Sommerpokal"]
[Site "Recklinghausen"]
[Date "2001.08.09"]
[Round "6"]
[White "Bischoff, Klaus"]
[Black "Koscielski, Janusch"]
[Result "0-1"]
[WhiteElo "2541"]
[BlackElo "2335"]
[PlyCount "94"]
[EventDate "2001.??.??"]

1. d4 Nf6 2. c4 g6 3. Nc3 Bg7 4. e4 d6 5. Be2 O-O 6. Nf3 e5 7. O-O Nc6 8. d5
Ne7 9. Ne1 Nd7 10. Nd3 f5 11. f3 f4 12. Bd2 h5 13. a4 g5 14. a5 Ng6 15. b4 Nf6
16. Nf2 Rf7 17. Ra3 Bf8 18. Be1 Rg7 19. h3 Nh8 20. Nb1 Nf7 21. Nd2 Nh6 22. Rc3
Qe8 23. c5 Qg6 24. cxd6 Bxd6 25. Nc4 g4 26. hxg4 hxg4 27. Nxd6 cxd6 28. Qc2 Bd7
29. fxg4 Nhxg4 30. Nxg4 Bxg4 31. Bxg4 Nxg4 32. Rff3 Rf8 33. Rc8 Rgf7 34. Rcc3
Kg7 35. Bf2 a6 36. Bb6 Rh8 37. Rc7 Rhf8 38. Rcc3 Nf6 39. Rc4 Rh8 40. Bf2 Rh5
41. Bb6 Qh6 42. Kf1 Rh1+ 43. Ke2 Qg6 44. Rf2 Rg1 45. Qd3 Rxg2 46. Rxg2 Qxg2+
47. Bf2 Nh5 0-1

[Event "12. Sueder Sommerpokal"]
[Site "Recklinghausen"]
[Date "2001.08.09"]
[Round "6"]
[White "Rotstein, Jefim"]
[Black "Gofshtein, Leonid"]
[Result "1/2-1/2"]
[WhiteElo "2364"]
[BlackElo "2518"]
[PlyCount "119"]
[EventDate "2001.??.??"]

1. e4 g6 2. d4 Bg7 3. Nc3 d6 4. h3 a6 5. a4 b6 6. Nf3 e6 7. Bg5 Ne7 8. Qd2 h6
9. Be3 Nd7 10. Be2 Bb7 11. O-O Nf6 12. Bd3 g5 13. e5 Nd7 14. exd6 cxd6 15. Ne4
Nc8 16. Rfe1 Nf6 17. Nxf6+ Qxf6 18. d5 O-O 19. dxe6 fxe6 20. Nd4 Ne7 21. c4 Ng6
22. Qc2 Nh4 23. Be4 d5 24. cxd5 exd5 25. Bd3 Rf7 26. Rac1 Raf8 27. Qe2 Re7 28.
Qg4 Ree8 29. Qg3 Ng6 30. Nf5 Nh4 31. Nxg7 Kxg7 32. Rc7+ Rf7 33. Rxf7+ Kxf7 34.
Rc1 d4 35. Rc7+ Re7 36. Bc4+ Kg6 37. Rxe7 Qxe7 38. Bxd4 Nxg2 39. Bd3+ Kf7 40.
Qg4 Nf4 41. Qf5+ Ke8 42. Bf1 Ne2+ 43. Bxe2 Qxe2 44. Qg6+ Kd7 45. Qg7+ Qe7 46.
Qxe7+ Kxe7 47. Bxb6 Bc6 48. Bc5+ Kf6 49. b3 h5 50. Kh2 h4 51. Bd6 Kf5 52. Be7
Kf4 53. Bd8 Kf5 54. Kg1 Kf4 55. Ba5 Kf5 56. Bd2 g4 57. Kh2 Bd7 58. Bc1 Be6 59.
Ba3 Bxb3 60. a5 1/2-1/2

[Event "12. Sueder Sommerpokal"]
[Site "Recklinghausen"]
[Date "2001.08.09"]
[Round "6"]
[White "Kern, Guido"]
[Black "Berelovich, Aleksandar"]
[Result "1/2-1/2"]
[WhiteElo "2334"]
[BlackElo "2513"]
[PlyCount "53"]
[EventDate "2001.??.??"]

1. Nf3 d6 2. d4 Bg4 3. c4 g6 4. e3 Bg7 5. Be2 Nf6 6. Qb3 Qc8 7. Nc3 O-O 8. O-O
Nbd7 9. h3 Bxf3 10. Bxf3 c6 11. Rd1 Re8 12. Qc2 e5 13. b3 d5 14. cxd5 cxd5 15.
dxe5 Nxe5 16. Be2 Qe6 17. Bb2 a6 18. Rac1 Rac8 19. Qb1 h5 20. Bf1 Rcd8 21. Ne2
Ne4 22. Nf4 Qf6 23. Qc2 Qg5 24. Kh1 Qf5 25. Kg1 Qg5 26. Kh1 Qf5 27. Kg1 1/2-1/2

[Event "12. Sueder Sommerpokal"]
[Site "Recklinghausen"]
[Date "2001.08.09"]
[Round "6"]
[White "Kummerow, Heiko"]
[Black "Schebler, Gerhard"]
[Result "0-1"]
[WhiteElo "2297"]
[BlackElo "2485"]
[PlyCount "124"]
[EventDate "2001.??.??"]

1. e4 c5 2. Nf3 g6 3. d4 Bg7 4. dxc5 Qa5+ 5. Nc3 Nf6 6. Nd2 Qxc5 7. Nc4 d6 8.
Be3 Qc6 9. e5 Ng4 10. Nxd6+ Kf8 11. Nxc8 Qxc8 12. Qd2 Bxe5 13. Bd4 Bxd4 14.
Qxd4 Nf6 15. O-O-O Nc6 16. Qe3 Kg7 17. h4 Qf5 18. Be2 h5 19. Bd3 Ng4 20. Bxf5
Nxe3 21. fxe3 gxf5 22. e4 fxe4 23. Nxe4 Rad8 24. Rxd8 Rxd8 25. Rh3 f6 26. Nc5
Rb8 27. Rc3 Nd4 28. Re3 e5 29. c3 Nf5 30. Re4 b6 31. Nd3 Kf7 32. g4 hxg4 33.
Rxg4 Rh8 34. Ra4 a5 35. b4 Rxh4 36. Ra3 Rh1+ 37. Kb2 Nd6 38. Kb3 Rh3 39. Nf2
Rf3 40. Nd1 Nb5 41. Ra4 Nd4+ 42. Kb2 Nc6 43. bxa5 Nxa5 44. Rb4 Rd3 45. Kc2 Rd6
46. Ne3 Ke6 47. Rh4 Nb7 48. Rb4 Na5 49. Rh4 Rc6 50. Rh6 Nc4 51. Ng4 Kf5 52. Nf2
e4 53. Rh5+ Kg6 54. Rh4 e3 55. Nd3 Kg5 56. Rf4 f5 57. Rd4 Na3+ 58. Kb3 Nb1 59.
c4 Nd2+ 60. Kb4 Nf3 61. Rd8 e2 62. Re8 Rd6 0-1

[Event "12. Sueder Sommerpokal"]
[Site "Recklinghausen"]
[Date "2001.08.09"]
[Round "6"]
[White "Mainka, Romuald"]
[Black "Wilde, Pierre"]
[Result "1-0"]
[WhiteElo "2459"]
[BlackElo "2272"]
[PlyCount "73"]
[EventDate "2001.??.??"]

1. e4 c6 2. d4 d5 3. e5 Bf5 4. Nf3 Bg4 5. Be2 e6 6. O-O Ne7 7. Nbd2 Nf5 8. c3
Be7 9. h3 Bxf3 10. Nxf3 Nd7 11. Bd3 h5 12. g3 Qb6 13. Kg2 O-O-O 14. b4 Rdg8 15.
Qc2 Nh6 16. h4 Ng4 17. Re1 Qd8 18. Bf4 Kb8 19. a4 Ka8 20. Ra2 Rf8 21. Ng5 Bxg5
22. Bxg5 f6 23. exf6 gxf6 24. Bc1 e5 25. b5 c5 26. Bf5 c4 27. a5 Re8 28. a6 b6
29. Qd1 e4 30. f3 Nh6 31. Bxh6 Rxh6 32. fxe4 dxe4 33. Bxe4+ Kb8 34. Qf3 Qc7 35.
Rae2 Rhh8 36. Bf5 Rxe2+ 37. Rxe2 1-0

[Event "12. Sueder Sommerpokal"]
[Site "Recklinghausen"]
[Date "2001.08.09"]
[Round "6"]
[White "Halasz, Tamas"]
[Black "Zaragatski, Ilja"]
[Result "1-0"]
[WhiteElo "2382"]
[BlackElo "2248"]
[PlyCount "77"]
[EventDate "2001.??.??"]

1. d4 Nf6 2. Nf3 c5 3. d5 g6 4. c4 b5 5. cxb5 a6 6. e3 axb5 7. Bxb5 Qa5+ 8. Nc3
Ne4 9. Bd2 Nxd2 10. Qxd2 Bg7 11. a4 O-O 12. O-O d6 13. e4 Ba6 14. Rab1 Bxb5 15.
axb5 Nd7 16. Rfc1 Rfb8 17. Qe2 Qb4 18. h4 Nb6 19. h5 Qc4 20. hxg6 hxg6 21. Qe3
Qb3 22. g3 Na4 23. Kg2 Qb4 24. e5 Nxc3 25. bxc3 Qc4 26. exd6 exd6 27. Qe7 Qxd5
28. Rd1 Qf5 29. Qxd6 Bxc3 30. b6 Rb7 31. Rbc1 Bb4 32. Qc6 Qc8 33. Qf6 Qf8 34.
Ne5 Qg7 35. Qc6 f6 36. Nd7 Rab8 37. Nxb8 Rxb8 38. Rd7 Qf8 39. Qd5+ 1-0

[Event "12. Sueder Sommerpokal"]
[Site "Recklinghausen"]
[Date "2001.08.09"]
[Round "6"]
[White "Saltaev, Mihail"]
[Black "Spiess, Timo"]
[Result "1-0"]
[WhiteElo "2510"]
[BlackElo "2181"]
[PlyCount "135"]
[EventDate "2001.??.??"]

1. e4 c6 2. d4 d5 3. Nd2 dxe4 4. Nxe4 Bf5 5. Ng3 Bg6 6. h4 h6 7. Nf3 Nd7 8. h5
Bh7 9. Bd3 Bxd3 10. Qxd3 Ngf6 11. Bd2 e6 12. O-O-O Be7 13. Ne4 Nxe4 14. Qxe4
Nf6 15. Qe2 O-O 16. Kb1 Qd5 17. Ne5 Qe4 18. Qxe4 Nxe4 19. Be1 Rac8 20. f3 Nf6
21. Bh4 Rfe8 22. Nd3 Rcd8 23. Bf2 Bd6 24. c4 Nd7 25. Rhe1 a6 26. Kc2 Be7 27. b3
Bf6 28. f4 Be7 29. g4 Bd6 30. Re2 f6 31. Rg1 Kf7 32. Rf1 Kg8 33. Bg1 Be7 34.
Bf2 Bd6 35. a4 Bb8 36. Be1 Ba7 37. Ba5 Rc8 38. Bc3 Red8 39. c5 Bb8 40. Nb2 Bc7
41. Nc4 Nf8 42. Rd2 Rd7 43. Ba5 Bb8 44. Rd3 Nh7 45. Bd2 Rcd8 46. Be3 e5 47. Nb6
e4 48. Rd2 Re7 49. d5 cxd5 50. Rxd5 Rxd5 51. Nxd5 Rd7 52. Rd1 Kf7 53. f5 Nf8
54. b4 Rd8 55. Nc3 Rxd1 56. Kxd1 Nd7 57. Nxe4 Bh2 58. Bd4 Ke7 59. Ke2 Nb8 60.
b5 axb5 61. axb5 Kd7 62. Kd3 Be5 63. Kc4 Kd8 64. Bg1 Bf4 65. Kd5 Kc7 66. b6+
Kc8 67. Bd4 Be5 68. Ke6 1-0

[Event "12. Sueder Sommerpokal"]
[Site "Recklinghausen"]
[Date "2001.08.09"]
[Round "6"]
[White "Bakhmatov, Eduard"]
[Black "Ciornei, Dragos"]
[Result "1/2-1/2"]
[WhiteElo "2276"]
[BlackElo "2168"]
[PlyCount "100"]
[EventDate "2001.??.??"]

1. e4 e5 2. Bc4 Nf6 3. d4 exd4 4. Nf3 Nc6 5. e5 d5 6. Bb5 Ne4 7. Nxd4 Bc5 8.
O-O Bxd4 9. Qxd4 O-O 10. Bxc6 bxc6 11. f3 Ng5 12. Bxg5 Qxg5 13. Nc3 Qg6 14.
Rac1 a5 15. Na4 Bf5 16. Rf2 f6 17. exf6 Qxf6 18. Qxf6 Rxf6 19. Re2 Re6 20. Rxe6
Bxe6 21. Nc5 Kf7 22. a4 Rb8 23. b3 Bf5 24. g4 Bg6 25. Nd7 Re8 26. Kf2 Ke7 27.
Nc5 Rb8 28. Ke3 Kd6 29. Kd4 Rb4+ 30. c4 dxc4 31. Rxc4 Rxc4+ 32. bxc4 Bc2 33. f4
g6 34. f5 gxf5 35. gxf5 Bxf5 36. Nb7+ Ke6 37. Nxa5 Kd7 38. Nb7 Kc8 39. Nc5 Kb8
40. a5 Bg6 41. Ne6 Kb7 42. Kc5 Be4 43. h4 h5 44. Kd4 Bh7 45. Ke5 Ka6 46. Nxc7+
Kxa5 47. c5 Kb4 48. Kd6 Kc3 49. Ne6 Kd2 50. Nd4 50... Ke3 {Rest unleserlich}
1/2-1/2

[Event "12. Sueder Sommerpokal"]
[Site "Recklinghausen"]
[Date "2001.08.09"]
[Round "6"]
[White "Genkin, Michael"]
[Black "Goralski, Christian"]
[Result "1/2-1/2"]
[WhiteElo "2266"]
[BlackElo "2149"]
[PlyCount "39"]
[EventDate "2001.??.??"]

1. e4 d5 2. exd5 Nf6 3. Nf3 Qxd5 4. Nc3 Qd6 5. Be2 a6 6. O-O Bf5 7. d4 e6 8.
Nh4 Bg6 9. Bf3 Nc6 10. Ne2 O-O-O 11. Nxg6 hxg6 12. Bf4 Qd7 13. c3 Nd5 14. Bd2
Nb6 15. Qc2 Ne5 16. dxe5 Qxd2 17. Qe4 c6 18. Nd4 Nd5 19. Rab1 Qf4 20. Qxf4
1/2-1/2

[Event "12. Sueder Sommerpokal"]
[Site "Recklinghausen"]
[Date "2001.08.09"]
[Round "6"]
[White "Ritter, Uwe"]
[Black "Hilmer, Frank"]
[Result "1/2-1/2"]
[WhiteElo "2094"]
[BlackElo "2216"]
[PlyCount "116"]
[EventDate "2001.??.??"]

1. e4 c5 2. Nf3 Nc6 3. d4 cxd4 4. Nxd4 Nf6 5. Nc3 e5 6. Ndb5 d6 7. Bg5 a6 8.
Bxf6 gxf6 9. Na3 f5 10. Nc4 fxe4 11. Nxe4 d5 12. Qxd5 Be6 13. Qxd8+ Rxd8 14.
Rd1 Nd4 15. Ne3 f5 16. Ng5 Bxa2 17. c3 f4 18. Bc4 Be7 19. Bxa2 Bxg5 20. Nc4 Nc6
21. Nd6+ Ke7 22. h4 Bf6 23. Nf5+ Ke8 24. Ke2 Rf8 25. Nd6+ Ke7 26. Nf5+ Ke8 27.
Kf3 Bh8 28. Nd6+ Ke7 29. Nxb7 Rb8 30. Nc5 Rb5 31. b4 e4+ 32. Kxe4 Bxc3 33. Rd7+
Ke8 34. Rb7 Rxb7 35. Nxb7 Bxb4 36. Bd5 Ne7 37. Bc4 Rf6 38. Rd1 Kf8 39. Rd8+ Kg7
40. Ra8 Ng6 41. h5 Nh4 42. Rxa6 Nxg2 43. Rxf6 Kxf6 44. Kf3 Nh4+ 45. Kxf4 Nf5
46. Bd3 Ng7 47. h6 Bd2+ 48. Kg4 Bxh6 49. Bxh7 Ne6 50. Nd6 Bc1 51. Nc4 Bf4 52.
Bf5 Bc7 53. Bxe6 Kxe6 54. Kg5 Kd5 55. Nd2 Kd4 56. Kg4 Kd3 57. Nb3 Bb6 58. f4
Kc2 1/2-1/2

[Event "12. Sueder Sommerpokal"]
[Site "Recklinghausen"]
[Date "2001.08.09"]
[Round "6"]
[White "Pirs, Matjaz"]
[Black "Busch, Christian"]
[Result "1/2-1/2"]
[WhiteElo "2248"]
[BlackElo "2112"]
[PlyCount "102"]
[EventDate "2001.??.??"]

1. d4 Nf6 2. Bf4 g6 3. e3 Bg7 4. Nd2 b6 5. Ngf3 Bb7 6. c3 d6 7. h3 Nbd7 8. Qc2
c5 9. Bh2 Qc7 10. Be2 a6 11. a4 Rc8 12. O-O O-O 13. Rfe1 Ne8 14. Bf1 Qd8 15.
Qb3 d5 16. Qc2 e6 17. Ne5 f6 18. Nxd7 Qxd7 19. f4 Nd6 20. Qb3 Qc6 21. Bg3 c4
22. Qc2 f5 23. Bh4 Rf7 24. Be2 Qc7 25. Kh1 Bc6 26. b4 Be8 27. Nf3 Rf8 28. a5 b5
29. Rg1 h6 30. g4 Kh7 31. Rg2 Ne4 32. Rag1 Rg8 33. gxf5 gxf5 34. Ne5 Bf7 35.
Bf3 Bh8 36. Be1 Rxg2 37. Rxg2 Rg8 38. Nxf7 Qxf7 39. Qe2 Rxg2 40. Kxg2 Bf6 41.
Bh5 Qg8+ 42. Kh2 Be7 43. Qg2 Qxg2+ 44. Kxg2 Nd6 45. Kf3 Kg7 46. Ke2 Bf6 47. Kd2
Kf8 48. Ke2 Be7 49. Kd2 Bf6 50. Ke2 Be7 51. Kd2 Bf6 1/2-1/2

[Event "12. Sueder Sommerpokal"]
[Site "Recklinghausen"]
[Date "2001.08.09"]
[Round "6"]
[White "Hoefker, Mathias"]
[Black "Parado, Dominado"]
[Result "1/2-1/2"]
[WhiteElo "2241"]
[BlackElo "2107"]
[PlyCount "161"]
[EventDate "2001.??.??"]

1. d4 Nf6 2. c4 g6 3. Nc3 Bg7 4. e4 d6 5. Nf3 O-O 6. Be2 Nbd7 7. O-O c6 8. Re1
e5 9. Bf1 h6 10. Rb1 a5 11. h3 Qe7 12. b3 Rd8 13. Ba3 Ne8 14. g3 Qf6 15. d5 c5
16. Bc1 Nf8 17. a3 Nc7 18. Nh2 Qe7 19. Ng4 Kh7 20. Qd2 Bxg4 21. hxg4 Nd7 22.
Be2 Rh8 23. Kg2 Kg8 24. Rh1 Rf8 25. Qc2 f6 26. Be3 Rb8 27. Qd2 Qf8 28. Rh3 Kf7
29. Rbh1 g5 30. Rb1 b6 31. Rhh1 Qd8 32. Ra1 Re8 33. Rhb1 Kg6 34. Rb2 Kh7 35.
Rab1 Kg8 36. Bd3 Kf7 37. Qe2 Rh8 38. Bd2 Kg6 39. Rh1 Kf7 40. Nd1 Nf8 41. Ne3
Ng6 42. Rhb1 Na6 43. Qd1 Ne7 44. Be2 Qc7 45. b4 axb4 46. axb4 cxb4 47. Bxb4 Nc5
48. Bxc5 bxc5 49. Rb5 Rxb5 50. cxb5 Rb8 51. Nc4 Nc8 52. Qa4 Nb6 53. Qa5 Bf8 54.
Ra1 Be7 55. Nxb6 Rxb6 56. Qa8 Rb7 57. Qa6 Rb6 58. Qa4 Bd8 59. Bc4 Qe7 60. Qd1
Rb8 61. Ra6 Bb6 62. Qf3 Qd7 63. Kf1 Kg7 64. Qe2 Qe7 65. Kg2 Kg6 66. Qa2 Qd8 67.
Qa3 Qc8 68. Qf3 Kg7 69. Kf1 Qd7 70. Ke1 Qc8 71. Kd2 Qd7 72. Kc2 Qc8 73. Kc3 Kf7
74. Kb3 Ke7 75. Ra1 Qd7 76. Qe2 Kf7 77. Rh1 Kg7 78. f3 Qa7 79. Qa2 Qxa2+ 80.
Kxa2 Ra8+ 81. Kb3 1/2-1/2

[Event "12. Sueder Sommerpokal"]
[Site "Recklinghausen"]
[Date "2001.08.09"]
[Round "6"]
[White "Stoven, Gilles-Noel"]
[Black "Woller, Rainer"]
[Result "1/2-1/2"]
[WhiteElo "2051"]
[BlackElo "2234"]
[PlyCount "118"]
[EventDate "2001.??.??"]

1. e4 e6 2. d4 d5 3. e5 c5 4. c3 Nc6 5. Nf3 Nge7 6. Bd3 cxd4 7. cxd4 Nf5 8.
Bxf5 exf5 9. O-O Be7 10. Nc3 Be6 11. Qb3 Qb6 12. Qxb6 axb6 13. Bd2 Kd7 14. Rfc1
h6 15. Nb5 g5 16. b3 Rhc8 17. Ne1 f4 18. Kf1 f6 19. Nf3 Bf5 20. Ke2 Be4 21. Bc3
Ke6 22. exf6 Bxf6 23. Ne1 Kd7 24. Kd2 g4 25. f3 gxf3 26. gxf3 Bf5 27. Ng2 Rg8
28. Rg1 Ne7 29. a4 Rg7 30. Ke2 Ng6 31. Rac1 Re7+ 32. Kf2 Bd3 33. Rge1 Rae8 34.
Rxe7+ Rxe7 35. Re1 Bc2 36. Rxe7+ Bxe7 37. Bd2 Bg5 38. b4 Bxa4 39. Nc3 Bb3 40.
Ne2 Kc6 41. Nexf4 Kb5 42. Ke2 Bc4+ 43. Kd1 Ne7 44. h4 Bf6 45. Ne6 Nf5 46. h5
Nxd4 47. Nxd4+ Bxd4 48. Bxh6 Kxb4 49. Bf8+ Kc3 50. h6 Bd3 51. Nf4 Bc2+ 52. Ke2
Kc4 53. Ne6 b5 54. Kd2 Bf5 55. Nxd4 Kxd4 56. Bg7+ Kc4 57. Ke3 b4 58. Bf6 Bh7
59. Be5 b3 1/2-1/2

[Event "12. Sueder Sommerpokal"]
[Site "Recklinghausen"]
[Date "2001.08.09"]
[Round "6"]
[White "Weisskopf, Lutz"]
[Black "Frohne, Gerd"]
[Result "1/2-1/2"]
[WhiteElo "2042"]
[BlackElo "2233"]
[PlyCount "67"]
[EventDate "2001.??.??"]

1. e4 e6 2. d4 d5 3. e5 c5 4. c3 Qb6 5. Nf3 Nc6 6. Be2 cxd4 7. cxd4 Nge7 8. Na3
Nf5 9. Nc2 Be7 10. O-O Bd7 11. Qd2 h5 12. Rd1 Rc8 13. Qf4 Nxe5 14. Nxe5 Rxc2
15. Bd3 Rc7 16. Bxf5 exf5 17. Nxd7 Kxd7 18. Qxf5+ Qe6 19. Qd3 Bd6 20. Bd2 Kc8
21. Re1 Qd7 22. Rac1 Rxc1 23. Rxc1+ Kb8 24. Qf3 g6 25. Bf4 Bxf4 26. Qxf4+ Ka8
27. h3 Qe6 28. Qc7 Re8 29. Rc3 Rb8 30. Re3 Qf5 31. Rb3 Qb1+ 32. Kh2 Qxa2 33.
Rxb7 Rxb7 34. Qc8+ 1/2-1/2

[Event "12. Sueder Sommerpokal"]
[Site "Recklinghausen"]
[Date "2001.08.09"]
[Round "6"]
[White "Michalczak, Thomas"]
[Black "Wagner, Ralf"]
[Result "1-0"]
[WhiteElo "2232"]
[BlackElo "2089"]
[PlyCount "87"]
[EventDate "2001.??.??"]

1. d4 Nf6 2. c4 d6 3. Nc3 g6 4. e4 Bg7 5. Nf3 O-O 6. Be2 e5 7. O-O Nc6 8. d5
Ne7 9. Ne1 Ne8 10. Be3 f5 11. f3 f4 12. Bf2 g5 13. c5 Ng6 14. a4 b6 15. cxd6
Nxd6 16. Nb5 a5 17. Rc1 Nxb5 18. Bxb5 Kh8 19. Rc6 Rf6 20. Qc2 Ra7 21. Nd3 Rxc6
22. Qxc6 Bb7 23. Qc3 Ra8 24. Rc1 Rc8 25. b4 axb4 26. Nxb4 Ne7 27. Bc6 Rb8 28.
Bxb7 Rxb7 29. Na6 Qd6 30. Nxc7 Rb8 31. Nb5 Qd7 32. Qc7 Qe8 33. Nd6 Qf8 34. Qd7
h6 35. Rc7 Ra8 36. Qxe7 Qxe7 37. Rxe7 Rxa4 38. h3 Bf8 39. Nf7+ Kg8 40. Rb7 Ra1+
41. Kh2 Ra2 42. Bxb6 Bb4 43. Nxh6+ Kf8 44. Nf5 1-0

[Event "12. Sueder Sommerpokal"]
[Site "Recklinghausen"]
[Date "2001.08.09"]
[Round "6"]
[White "Wicht, Juergen"]
[Black "Kotlar, Alfred"]
[Result "1-0"]
[WhiteElo "2197"]
[BlackElo "2057"]
[PlyCount "66"]
[EventDate "2001.??.??"]

1. d4 d5 2. Nf3 Bf5 3. c4 Bxb1 4. Rxb1 c6 5. cxd5 cxd5 6. Qb3 b6 7. e4 f6 8.
Bb5+ Kf7 9. exd5 a6 10. Be2 g6 11. d6+ e6 12. Ng5+ fxg5 13. Qf3+ Kg7 14. Qxa8
Bxd6 15. Qb7+ Kf8 16. O-O h6 17. Bc4 Nf6 18. Bxe6 Rh7 19. Qc8 Qxc8 20. Bxc8 Rc7
21. Be6 Nc6 22. Be3 Ke7 23. d5 Nb4 24. Bxb6 Rc2 25. Rfe1 Kf8 26. Rec1 Re2 27.
Rc8+ Kg7 28. Bd4 Be5 29. Kf1 Re4 30. Bxe5 Rxe5 31. Re1 Ne4 32. Rc7+ Kf8 33. Rd1
Nd6 1-0

[Event "12. Sueder Sommerpokal"]
[Site "Recklinghausen"]
[Date "2001.08.09"]
[Round "6"]
[White "Nebel, Jens"]
[Black "Bramkamp, Rainer"]
[Result "1-0"]
[WhiteElo "2022"]
[BlackElo "2191"]
[PlyCount "53"]
[EventDate "2001.??.??"]

1. e4 c6 2. Nc3 d5 3. d4 dxe4 4. Bc4 Nf6 5. f3 e5 6. dxe5 Qxd1+ 7. Kxd1 exf3 8.
Nxf3 Ng4 9. Rf1 b5 10. Bb3 b4 11. Ne2 Be7 12. h3 Nh6 13. g4 Bd7 14. Ng3 O-O 15.
c3 bxc3 16. bxc3 Na6 17. Bc4 Nc7 18. Rb1 Rab8 19. Rxb8 Rxb8 20. Nd4 Nd5 21. Kc2
Bc5 22. Rf3 Bxd4 23. cxd4 Kf8 24. Ba3+ Ke8 25. Nh5 g6 26. Nf6+ Nxf6 27. Rxf6
1-0

[Event "12. Sueder Sommerpokal"]
[Site "Recklinghausen"]
[Date "2001.08.09"]
[Round "6"]
[White "Pusch, Hermann"]
[Black "Gassmann, Volker"]
[Result "1-0"]
[WhiteElo "2169"]
[BlackElo "2188"]
[PlyCount "135"]
[EventDate "2001.??.??"]

1. e4 Nf6 2. Bc4 Nxe4 3. Bxf7+ Kxf7 4. Qh5+ g6 5. Qd5+ e6 6. Qxe4 Bh6 7. Nf3
Nc6 8. b3 Qf6 9. Nc3 d5 10. Qe2 Rd8 11. O-O e5 12. d4 e4 13. Ne5+ Nxe5 14. Bxh6
Ng4 15. Be3 Qd6 16. g3 c6 17. Bg5 Rf8 18. f3 exf3 19. Rxf3+ Kg8 20. Be7 Qxe7
21. Qxe7 Rxf3 22. Re1 Nh6 23. Ne2 Rf7 24. Qg5 Ng4 25. Nf4 Bf5 26. Nd3 Raf8 27.
Rf1 h6 28. Qd2 Kg7 29. Qe2 Kg8 30. Rf4 h5 31. Qd2 Re8 32. h3 Nf6 33. Ne5 Ne4
34. Qg2 Rh7 35. g4 hxg4 36. hxg4 Ng5 37. gxf5 Nh3+ 38. Kf1 Nxf4 39. Qf3 Rf8 40.
Ke1 Rxf5 41. Nxg6 Rhf7 42. Ne5 Rg7 43. Ng4 Kf8 44. Kd2 Ke8 45. Qe3+ Kd8 46. Nh6
Rg2+ 47. Kc1 Rf6 48. Kb2 Rgg6 49. Qe5 Rxh6 50. Qb8+ Ke7 51. Qxb7+ Kd6 52. Qxa7
Ke6 53. Qc7 Kf5 54. a4 Ke4 55. a5 Kxd4 56. a6 Ne6 57. Qb6+ c5 58. a7 Rf8 59.
Qc6 Rhh8 60. Qxe6 Re8 61. Qb6 Rc8 62. b4 Kc4 63. b5 d4 64. Qa6 Kb4 65. b6 Rc6
66. Qa3+ Kb5 67. b7 Rb6 68. Qb3+ 1-0

[Event "12. Sueder Sommerpokal"]
[Site "Recklinghausen"]
[Date "2001.08.09"]
[Round "6"]
[White "Konietzka, Lutz"]
[Black "Fahnenschmidt, Willi"]
[Result "0-1"]
[WhiteElo "2160"]
[BlackElo "2130"]
[PlyCount "66"]
[EventDate "2001.??.??"]

1. Nf3 c5 2. g3 Nc6 3. c4 g6 4. Bg2 Bg7 5. Nc3 e6 6. e3 Nge7 7. d4 cxd4 8. Nxd4
Nxd4 9. exd4 d5 10. cxd5 Nxd5 11. Qb3 O-O 12. O-O Bxd4 13. Bh6 Nxc3 14. Bxf8
Ne2+ 15. Kh1 Qxf8 16. Qd3 Bxb2 17. Rab1 Nf4 18. gxf4 Bf6 19. Bxb7 Bxb7+ 20.
Rxb7 Qc5 21. Qd7 Rf8 22. Rxa7 Qc4 23. Rd1 Qxf4 24. Qd2 Qf3+ 25. Kg1 Be5 26. Rd7
Qh3 27. f4 Qg4+ 28. Qg2 Qxf4 29. Rd8 Qa4 30. Rxf8+ Kxf8 31. Qd2 Qg4+ 32. Kf1
Kg7 33. Rb1 Qf5+ 0-1

[Event "12. Sueder Sommerpokal"]
[Site "Recklinghausen"]
[Date "2001.08.09"]
[Round "6"]
[White "Mueller, Herbert"]
[Black "Litwak, Aleksej"]
[Result "1/2-1/2"]
[WhiteElo "2121"]
[BlackElo "1955"]
[PlyCount "76"]
[EventDate "2001.??.??"]

1. d4 d5 2. Bg5 h6 3. Bf4 e6 4. Nf3 c5 5. e3 Nc6 6. c3 Nf6 7. Nbd2 Be7 8. Bd3
O-O 9. h3 Qb6 10. Rb1 c4 11. Bc2 Qa5 12. a3 b5 13. O-O Qb6 14. Qe2 Nh5 15. Be5
f5 16. Nh4 Bxh4 17. Qxh5 Be7 18. f4 Bd7 19. Qe2 Kh7 20. Nf3 a5 21. g4 g6 22.
gxf5 exf5 23. Kh2 b4 24. axb4 axb4 25. Rg1 b3 26. Qg2 Be8 27. Bd1 Ra2 28. Qg3
Na7 29. Nh4 Nb5 30. Kh1 Qe6 31. Rg2 Rg8 32. Nf3 Bf7 33. h4 Rga8 34. Qh3 Ra1 35.
Rxa1 Rxa1 36. Rg1 Ra2 37. Rg2 Ra1 38. Rg1 Ra2 1/2-1/2

[Event "12. Sueder Sommerpokal"]
[Site "Recklinghausen"]
[Date "2001.08.09"]
[Round "6"]
[White "Lutz, Juergen"]
[Black "Kloss, Detlev"]
[Result "0-1"]
[WhiteElo "1941"]
[BlackElo "2119"]
[PlyCount "90"]
[EventDate "2001.??.??"]

1. e4 c5 2. Nf3 d6 3. d4 cxd4 4. Nxd4 Nf6 5. Nc3 g6 6. Be3 Bg7 7. f3 Nc6 8. Qd2
Bd7 9. O-O-O Rc8 10. Kb1 Ne5 11. g4 a6 12. g5 Nh5 13. f4 Nc4 14. Bxc4 Rxc4 15.
Nde2 b5 16. Rhf1 b4 17. Nd5 Rxe4 18. Bb6 Qb8 19. Qd3 Bf5 20. Ng3 Nxg3 21. hxg3
h5 22. Qxa6 O-O 23. Rfe1 e6 24. Rxe4 Bxe4 25. Nxb4 d5 26. a4 h4 27. gxh4 Qxf4
28. Bc5 Rb8 29. Bd6 Qf3 30. Rf1 Qb3 31. Rf6 Bxf6 32. gxf6 Bxc2+ 33. Ka1 Rxb4
34. Qc8+ Kh7 35. Bxb4 Qxb4 36. Qxc2 Qxh4 37. Qc3 Qxa4+ 38. Kb1 Qe4+ 39. Ka1 g5
40. b4 d4 41. Qd2 Qe3 42. Qh2+ Kg6 43. b5 d3 44. Qb2 d2 45. Qc2+ Kxf6 0-1

[Event "12. Sueder Sommerpokal"]
[Site "Recklinghausen"]
[Date "2001.08.09"]
[Round "6"]
[White "Banik, Thorsten"]
[Black "Reinhold, Klaus"]
[Result "1-0"]
[WhiteElo "2117"]
[BlackElo "1931"]
[PlyCount "87"]
[EventDate "2001.??.??"]

1. d4 d5 2. Bg5 h6 3. Bh4 c6 4. c3 Bf5 5. e3 Qb6 6. Qc1 e6 7. Nf3 Be7 8. Bg3
Nf6 9. Be2 Nbd7 10. O-O O-O 11. c4 dxc4 12. Nbd2 Ne4 13. Nxc4 Nxg3 14. hxg3 Qc7
15. Qd2 Rfd8 16. Qc3 c5 17. Ncd2 Qb6 18. Nc4 Qc7 19. Rac1 cxd4 20. Nxd4 Bf6 21.
Rfd1 Bxd4 22. Qxd4 Nf6 23. Nd6 Qa5 24. Qc4 Qb6 25. Qc7 Rd7 26. Qxb6 axb6 27. a3
Bg6 28. Bf3 Rad8 29. Nxb7 Rxd1+ 30. Rxd1 Rxd1+ 31. Bxd1 Ne4 32. Bc2 Kf8 33. Nd8
Ke7 34. Nc6+ Kd6 35. Nb4 Nc5 36. Bxg6 fxg6 37. Kf1 Na4 38. Nd3 Kd5 39. b3 Ke4
40. Nf4 Nc5 41. b4 Nd3 42. Nxe6 Kd5 43. Nf4+ Nxf4 44. gxf4 1-0

[Event "12. Sueder Sommerpokal"]
[Site "Recklinghausen"]
[Date "2001.08.09"]
[Round "6"]
[White "Schreck, Roland"]
[Black "Blayvas, Jan"]
[Result "1-0"]
[WhiteElo "2109"]
[BlackElo "1912"]
[PlyCount "83"]
[EventDate "2001.??.??"]

1. e4 e6 2. Qe2 c5 3. d3 g6 4. Nd2 Bg7 5. g3 Ne7 6. Bg2 d5 7. Ngf3 O-O 8. O-O
Nbc6 9. c3 b5 10. e5 a5 11. a4 b4 12. c4 Nf5 13. Nb3 Qb6 14. g4 Nfd4 15. Nfxd4
cxd4 16. cxd5 Nxe5 17. f4 Nxd3 18. Qxd3 Ba6 19. Qf3 Bxf1 20. Bxf1 exd5 21. Bd3
Rfd8 22. Bd2 Rac8 23. Be1 Rd6 24. Bf2 Re8 25. Rc1 Rc6 26. Qxd5 Rxc1+ 27. Nxc1
Rd8 28. Qe4 b3 29. Bb5 Qd6 30. Nd3 Qc7 31. Qc6 Qe7 32. Qf3 Rc8 33. Qd5 Rd8 34.
Qxb3 Qe4 35. Qd1 Bf8 36. g5 Bd6 37. Qg4 Rb8 38. Bc4 Rd8 39. b3 Bc7 40. h3 Kg7
41. Qh4 Bb6 42. Ne5 1-0

[Event "12. Sueder Sommerpokal"]
[Site "Recklinghausen"]
[Date "2001.08.09"]
[Round "6"]
[White "Matrisch, Gerd"]
[Black "Klueting, Reiner"]
[Result "1-0"]
[WhiteElo "1799"]
[BlackElo "2131"]
[PlyCount "58"]
[EventDate "2001.??.??"]

1. e4 d5 2. exd5 Nf6 3. d4 Nxd5 4. Nf3 g6 5. c3 Bg7 6. Bd3 O-O 7. O-O Nc6 8.
Bg5 f6 9. Bh4 Kh8 10. Re1 g5 11. Bg3 Bg4 12. h3 Bh5 13. Bf5 Nf4 14. Bxf4 gxf4
15. Qd3 e5 16. Nbd2 Qe7 17. Bxh7 Bh6 18. Be4 Rad8 19. Nh4 Nxd4 20. cxd4 Rxd4
21. Qc2 Qb4 22. Nhf3 Rd7 23. Bg6 Bxf3 24. Nxf3 Rg7 25. h4 f5 26. Bxf5 Rfg8 27.
Bh3 Qf8 28. Rxe5 Rxg2+ 29. Bxg2 Qg7 1-0

[Event "12. Sueder Sommerpokal"]
[Site "Recklinghausen"]
[Date "2001.08.09"]
[Round "6"]
[White "Diebig, Klaus"]
[Black "Sondermann, Dirk"]
[Result "1/2-1/2"]
[WhiteElo "1849"]
[BlackElo "2171"]
[PlyCount "33"]
[EventDate "2001.??.??"]

1. d4 Nf6 2. c4 e6 3. Nf3 b6 4. Nc3 Bb7 5. Bg5 Be7 6. Bxf6 Bxf6 7. e4 d6 8. Be2
Nd7 9. O-O O-O 10. Rc1 a6 11. b4 c5 12. bxc5 bxc5 13. d5 Qc7 14. Qc2 Bxc3 15.
Qxc3 e5 16. Nd2 Rab8 17. Rb1 1/2-1/2